000 00635nam a2200253Ia 4500
005 20260121160827.0
008 008 260114s9999 xx 000 0 eng d
020 _a9781315681153
037 _aEBOOK
040 _aCRL
040 _beng
040 _cCRL
041 _2eng
041 _aeng
084 _qCRL
100 _a Clara Mojica-Diaz; Lourdes S nchez-L¢pez
_91036819
245 0 _aEl mundo hispanohablante contempor neo
260 _bTaylor and Francis
260 _c2016
856 _uhttp://www.taylorfrancis.com/books/9781315681153
942 _cEBOOK
999 _c1603635
_d1603635